000
00287nam a2200109Ia 4500
008
230907s9999||||xx |||||||||||||| ||und||
082
_a
355.0217095491
_b
HAS
245
0
_a
Pakistan's nuclear bomb :
260
_a
Penguin Rondom House,
_b
New Delhi :
_c
2018
300
_a
341 p.
942
_c
BK
999
_c
601504
_d
601504